000 00886 a2200217 4500
010 _aENG-88807
020 _c350.00
_a8175345780
035 _aEN-72340
037 _bDBAD / PUB
082 1 4 _a343.5409944
090 _c9450
_d9450
100 _aYatindra Singh
245 1 _aCyber laws :
_cby Yatindra Singh
_ba guide to cyber laws and the information technology, computer software, intellectual property rights, e-commerce, taxation, privacy, etc...and agreements /
250 _a3rd ed
260 _aDelhi
_bUniversal Law Publishing Co
_c2007
270 _aC-FF-1A, Dilkhush Industrial Estate, (Opp. Hans Cinema, Azadpur), G.T. Karnal Road,
_bDelhi
_e110 033
300 _axxix, 366p. :
_c24cm (pbk)
500 _aIncludes index
942 _adpl
_cEN
_k343.5409944 / YAT
999 _c9277
_d9277